Determinación de los coeficientes de transferencia de calor externos promedio para serpentines en tanque agitados con pantallas, utilizando fluidos no-Newtonianos
Guardado en:
| 主要作者: | |
|---|---|
| 其他作者: | |
| 格式: | 圖書 |
| 出版: |
San José, Costa Rica
2004
|
| 主題: | |
| 標簽: |
添加標簽
沒有標簽, 成為第一個標記此記錄!
|
MARC
| LEADER | 00000nam a2200000Ia 4500 | ||
|---|---|---|---|
| 003 | 009620 | ||
| 005 | 20240510093700.0 | ||
| 008 | 140114s2004 cr a m 000 ||s d | ||
| 040 | |c cru CEDI | ||
| 090 | |a TFG 5162 | ||
| 100 | |a Bazán Salazar, Víctor, 1978- |9 3020 | ||
| 245 | |a Determinación de los coeficientes de transferencia de calor externos promedio para serpentines en tanque agitados con pantallas, utilizando fluidos no-Newtonianos | ||
| 260 | |a San José, Costa Rica |c 2004 | ||
| 300 | |a xiii, 94 hojas : ilustraciones | ||
| 500 | |a Proyecto de graduación (licenciatura en ingeniería química)--Universidad de Costa Rica, Facultad de Ingeniería, Escuela de Ingeniería Química | ||
| 501 | |a Director de Proyecto de Graduación: Dr. Ing. Eduardo Rivera Porras, PHD. | ||
| 650 | |x TRANSMISION DEL CALOR |x MODELOS MATEMATICOS |x TANQUES AGITADOS |x SERPENTINES |x DINAMICA DE FLUIDOS |9 5815 | ||
| 700 | |a Rivera Porras, Eduardo |d Director del TFG |9 1853 | ||
| 942 | |c TFG |h TFG 5162 |i 009620 |6 TFG_5162_009620000000000 | ||
| 999 | |c 17261 |d 17261 | ||
